00660nam a2200193 i 4500001000400000245007200004260005600076300002100132490002000153505004300173650002900216710003800245830002000283020000800303040000800311041000800319008004100327856009800368bgj00aWords and their stories /cV[oice] O[f] A[merica]. Special English. a[Washington, D.C.] :bVoice of America,c[ca 1990]. a172 pp ;c21 cm.1 aSpecial English aThis is a collection of radio scripts. 9aSpecial EnglishxReadersp0aVOICE OF AMERICAbSpecial English aSpecial English apbk cBPKn aeng s uk f |000 0 eng  uhttp://koha.tu.koszalin.pl/cgi-bin/koha/opac-detail.pl?biblionumber=41423yKatalog online BPK